000 00704nam a2200265Ia 4500
005 20260302115807.0
008 008 260114s9999 xx 000 0 eng d
020 _a9781509957460
037 _aTextbook
040 _aCRL
040 _beng
040 _cCRL
041 _2eng
041 _aeng
084 _qCRL
100 _aJulian V Roberts and Jesper Ryberg
_91122685
245 0 _aSentencing the Self-Convicted The Ethics of Pleading Guilty
260 _bBloomsbury
260 _bHart Publishing
260 _c2023
650 _aLaw
856 _uhttps://doi.org/10.5040/9781509957460?locatt=label:secondary_bloomsburyCollections
942 _cEBOOK
999 _c1687487
_d1687487